| 000 | 00416nam a2200157Ia 4500 | ||
|---|---|---|---|
| 008 | 231217s9999 xx 000 0 und d | ||
| 020 | _a8178813696 | ||
| 041 | _aEnglish | ||
| 082 | _a330.9 CHO;1 R | ||
| 100 | _aChowdary, Nagendra V ed. | ||
| 245 | 0 | _aGlobal economic crises : an introduction | |
| 260 |
_c2004 _bIcfai _aHyderabad |
||
| 300 | _axv, 209+A15 | ||
| 650 | _aGlobal,economic,crises | ||
| 942 | _cAA | ||
| 999 |
_c186990 _d186990 |
||